000 00867nam a2200229 a 4500
008
049 _aMAIN
090 _aLB2328.32.A6
245 0 0 _aCreating the African university:
_bemerging issues in the 1970's/
_cedited by T. M. Yesufu.
260 0 _aIbadan :
_bPublished for the Association of African Universities [by] Oxford University Press,
_c1973.
300 _a294 p.
_c22 cm.
504 _aIncludes bibliographical references.
650 0 _aUniversities and colleges
_zAfrica, Southern
_xCongresses.
650 0 _aUniversities and colleges
_zAfrica, Southern
_xCase studies.
700 1 0 _aYesufu, T. M.
_q(Tijani M.).
710 2 0 _aAssociation of African Universities.
907 _a.b10124597
_b04-06-04
_c03-06-04
003
005 20230123133727.0
040 _cNUST
942 _cBOOKS
_kLB2328.32.A6
999 _c153577
_d153577